Statistics for All Poison Type Moves in Pokemon

Click here to take the quiz!

General Stats

  • This quiz has been taken 18 times
  • The average score is 20 of 28

Answer Stats

HintAnswer% Correct
Special, 65 BP, 30% chance to poison targetSludge
100%
Special, 90 BP, 30% chance to poison targetSludge Bomb
100%
Status, badly poisons targetToxic
100%
Status, entry hazard move, 1 layer poisons, 2 layers badly poisons, removed if a Poison type Pokemon switches in on themToxic Spikes
100%
Special, 95 BP, 10% chance to poison targetSludge Wave
93%
Special, 40 BP, 10% chance to lower target's special defense by one stage, hits all Pokemon in a double battleAcid
86%
Physical, 15 BP, 30% chance to poison targetPoison Sting
86%
Special, 65 BP, BP doubles if target is poisonedVenoshock
86%
Status, raises user's defense by 2 stagesAcid Armor
79%
Special, 120 BP, only usable after the user has eaten a berryBelch
79%
Physical, 120 BP, 30% chance to poison targetGunk Shot
79%
Physical, 50 BP, 50% chance to badly poison targetPoison Fang
79%
Physical, 80 BP, 30% chance to poisonPoison Jab
79%
Status, poisons targetPoison Powder
79%
Special, 40 BP, 100% chance to lower target's special defense by 2 stagesAcid Spray
71%
Special, 50 BP, resets all stat changes on the fieldClear Smog
71%
Physical, 50 BP, 10% chance to poison target, high critical hit ratioPoison Tail
71%
Special, 30 BP, 40% chance to poison targetSmog
71%
Status, priority, protects user from moves. Pokemon that make contact with the user become poisonedBaneful Bunker
64%
Status, raises user's attack, defense, and accuracy by 1 stageCoil
64%
Physical, 70 BP, 10% to poison target, high critical hit ratioCross Poison
64%
Status, nullifies target's abilityGastro Acid
64%
Status, poisons target, hits both opposing Pokemon in a double battlePoison Gas
64%
Status, lowers attack, special attack, and speed of poisoned targets by 1 stageVenom Drench
50%
Status, cures target's status, and heals targets HP by 1/2 if so.Purify
36%
Special, 90 BP, 20% chance to poison target, becomes a physical contact move if it would be strongerShell Side Arm
36%
Status, lowers target's speed and poisons themToxic Thread
36%
Status, removes target's item, hits ally and both opponents in a double battleCorrosive Gas
29%

Score Distribution

Percentile by Number Answered

Percent of People with Each Score

Your Score History

You have not taken this quiz